| 000 | 00763nam a2200193Ia 4500 | ||
|---|---|---|---|
| 008 | 151121s9999||||xx |||||||||||||| ||und|| | ||
| 082 | _a920/भोंजाळ | ||
| 082 | _bHNW-112453 | ||
| 100 | _aभोंजाळ चंद्रकांत | ||
| 245 | _aदि ऍक्ट ऑफ लाइफ अमरीश पुरी | ||
| 260 | _b"मैत्रेय प्रकाशन, पुणे।" | ||
| 260 | _c2012 | ||
| 300 | _a375 | ||
| 600 | _aभोंजाळ चंद्रकांत | ||
| 630 | _aदि ऍक्ट ऑफ लाइफ अमरीश पुरी | ||
| 700 | _aभोंजाळ चंद्रकांत | ||
| 730 | _aदि ऍक्ट ऑफ लाइफ अमरीश पुरी | ||
| 942 | _cBOOK | ||
| 999 |
_c1261776 _d1261773 |
||